| 000 | 00665cam a2200229 a 4500 | ||
|---|---|---|---|
| 001 | 17408512 | ||
| 005 | 20180228075900.0 | ||
| 008 | 120730s2014 njua 001 0 eng | ||
| 010 | _a 2012023128 | ||
| 020 | _a9780321833655 | ||
| 040 |
_aDLC _cDLC _dDLC |
||
| 041 | _aeng | ||
| 042 | _apcc | ||
| 080 | _a512.9 rob | ||
| 082 | 0 | 0 |
_a512.9 rob _223 |
| 100 | 1 | _a38 | |
| 101 | _amat | ||
| 245 | 1 | 0 |
_aCollege algebra essentials / _cRobert Blitzer. |
| 906 |
_a7 _bcbc _corignew _d1 _eecip _f20 _gy-gencatlg |
||
| 942 |
_2ddc _cBK |
||
| 999 |
_c43714 _d43714 |
||